00453nam a2200157Ia 4500100001900000650001200019942000700031366000700038245002000045260002300065082002000088300000800108546001200116999001700128952015000145 aLudlum/Robert  aFiction cBK f20 aBourne Identity bBantom Booksc2002 a808.83/LUDbLUD a535 aENGLISH c30406d30406 001040708CRCaCRCEbCRCEd2023-03-17eAne Books Indiag192.00i220 dt 17/10/2008l0o808.83/LUD LUDp19052r2023-03-17v240.00w0000-00-00yBK